000 00861nas a2200289 4500
001 BR2013010251
003 BR-BrBNA
005 20231205123434.0
007 ta
008 230509b bl.|||p| |||| 00| 00por d
040 _aBR-BrBNA
_bpor
_cBiblioteca Nacional de Agricultura
041 _a(Pt)
072 _aP40; F40
100 1 _aBack, A.J.
100 1 _aBruna, E.D.
100 1 _aDalbó, M.A.
245 1 _aMudanças climáticas e a produção de uva no Vale do Rio do Peixe-SC
650 _aUVA
650 _aVARIAÇÃO SAZONAL
650 _aPRODUÇÃO VEGETAL
650 _aFENOLOGIA
650 _aMODELO MATEMÁTICO
650 _aSANTA CATARINA
773 0 _tRevista Brasileira de Fruticultura (Brazil)
_xISSN 0100-2945
_g(Mar 2013), v. 35(1) p. 159-169
_wBR2013010251
909 _a202311
_bLúcia
_c55
_dLúcia Elande
942 _2AGRIS
_n0
_cANA
999 _c233878
_d233878